000 00503nas a2200193 a 4500
001 000036533
003 DLC
005 20200930075802.0
008 120119c20019999dr dr1ned 0 0spa d
040 _aDO-SdBNP
_bspa
043 _anwdr
245 0 0 _aDiario libre.
260 _aSanto Domingo :
_bOmnimedia,
_c2001.
300 _ail. ;
_c42 cm.
310 _aDiaria
362 0 _aAño 1, no. 5
500 _aDirector: mayo, 2001, Anibal de Castro
650 0 _aPublicaciones periódicas
_vDIARIOS
_962717
999 _c36024
_d36024